Tractatus de Jure regularium ubi et de religiosis familis quae vota solemnia vel etiam simplicia perpetua non habent

Detalles Bibliográficos
Autor principal: BOUIX, D.
Formato: Libro
Publicado: París 1882
Edición:3a. ed.
Materias:
Colección:Banco de datos
Acervo:Biblioteca del Ex Convento de Nuestra Señora de Guadalupe. Zacatecas
Descripción Física:t. I
Tema general:Derecho Eclesiástico
Notas:Buena. III,6,16(845). Sin marca de fuego
LEADER 00849nam a22002170004500
035 |a 39218 
036 |a 402 
100 1 |a BOUIX, D. 
245 1 0 |a Tractatus de Jure regularium ubi et de religiosis familis quae vota solemnia vel etiam simplicia perpetua non habent 
250 |a 3a. ed. 
260 |a París  |b ed. Fratres catholicos bibliopolas, imp. Bourguet, Calas et Cie Seccesoribus  |c 1882 
300 |a t. I 
500 |a Buena. III,6,16(845). Sin marca de fuego 
650 1 0 |a Derecho Eclesiástico 
949 |a CRZ-CG 
959 |a Ex convento de Nuestra Señora de Guadalupe, Museo Regional de Zacatecas, Zacatecas  |b CCC4 
960 |a Convento de Nuestra Señora de Guadalupe, Zacatecas  |b DD87 
961 |a Franciscana  |b OF 
942 |c CRZ-CG 
943 |g Biblioteca del Ex Convento de Nuestra Señora de Guadalupe. Zacatecas 
999 |c 963345  |d 963345